Meus pais dizem não a tudo (Record no. 17238)
[ view plain ]
| 000 -LÍDER | |
|---|---|
| campo de controle de tamanho fixo | 00371 a2200157 4500 |
| 001 - NÚMERO DE CONTROLE | |
| campo de controle | 17238 |
| 020 ## - ISBN - INTERNATIONAL STANDARD BOOK NUMBER | |
| ISBN - International Standard Book Number | 9788537707975 |
| 040 ## - FONTE DA CATALOGAÇÃO | |
| Instituição que transcreveu o registro | Anchieta - Bela Vista |
| 100 ## - ENTRADA PRINCIPAL--NOME PESSOAL | |
| Nome pessoal | Naumann-Villemin, Chistine |
| 240 10 - TÍTULO UNIFORME | |
| Título uniforme | Meus pais dizem não a tudo |
| Idioma da obra | por |
| 245 10 - TÍTULO | |
| Título | Meus pais dizem não a tudo |
| 300 ## - DESCRIÇÃO FÍSICA | |
| Extensão | 43 |
| 362 0# - DATAS DE PUBLICAÇÃO E/OU DESIGNAÇÃO SEQUENCIAL | |
| Datas de publicação e/ou designação sequencial | 2008 |
| 650 #4 - ASSUNTO--TERMO TÓPICO | |
| Cabeçalho tópico ou nome geográfico | Literatura juvenil |
| 942 ## - ELEMENTOS DE ENTRADA ADICIONADOS (KOHA) | |
| Tipo de material Koha | Livros |
| Situação do descarte | Situação das perdas | Situação física | Não pode ser emprestado | Biblioteca de origem | Biblioteca atual | Data de aquisição | Total de empréstimos | Número de chamada completo | Código de barras | Data de último acesso | Data do preço efetivo | Tipo de material Koha |
|---|---|---|---|---|---|---|---|---|---|---|---|---|
| Colégio Anchieta - Bela Vista | Colégio Anchieta - Bela Vista | 21/11/2023 | LJ 028.5 N299m NAU MEU | 2903/BEL | 21/11/2023 | 21/11/2023 | Livros | |||||
| Colégio Anchieta - Pituba | Colégio Anchieta - Pituba | 21/11/2023 | LJ 028.5 N311m NAU MEU | 14558/PIT | 21/11/2023 | 21/11/2023 | Livros | |||||
| Colégio São Paulo | Colégio São Paulo | 21/11/2023 | 028.5 NAU MEU | 4997/ITA | 21/11/2023 | 21/11/2023 | Livros |